000 00780nam a2200217Ia 4500
005 20250108124850.0
008 008 250107s9999 xx 000 0 hin d
037 _aTB
040 _aCRL
_bhin
_cCRL
041 _ahin
_2hin
084 _aO152,6N34x P3
084 _qCRL
100 _aभारती, धर्मवीर, ले.
245 0 _aगुनाहों का देवता
_cभारती, धर्मवीर, ले.
260 _aनई दिल्ली, भारत
_bभारतीय ज्ञानपीठ
_c2487
300 _a248पृ0
365 _aINR
_b200
650 _aहिन्दी कहानीहिन्दी साहित्य
_9729733
942 _cTB
_hO152,6N34x P3
999 _c1234875
_d1234875